[Event "Minsk"]
[Site "Minsk"]
[Date "1996.??.??"]
[Round "8"]
[White "Aleksandrov, Aleksej"]
[Black "Shulman, Yuri"]
[Result "1-0"]
[WhiteElo "2535"]
[BlackElo "2525"]
[Annotator "Horn,Pe"]
[PlyCount "167"]
[EventDate "1996.??.??"]
[EventType "tourn"]
[EventRounds "11"]
[EventCountry "BLR"]
[EventCategory "11"]
[SourceTitle "CBM 054"]
[Source "ChessBase"]
[SourceDate "1996.10.01"]
[SourceVersion "1"]
[SourceVersionDate "1996.10.01"]
[SourceQuality "1"]

1. g3 e5 2. d4 exd4 3. Qxd4 Nc6 4. Qa4 {Das "skandinavische" Manöver Qd1xd4-a4
findet bei hypermodern beeinflußten Schachspielern Interesse. Gegenüber der
Skandinavischen Verteidigung (1.e4 d5) hat Weiß das Tempo g3 gewonnen.} Nf6 (
4... Bc5 5. Bg2 Nge7 6. Nf3 d6 7. c3 (7. O-O) 7... Bd7 8. Qc2 Bf5 {gibt
immerhin 2 Tempi (e4 und ein Gratiszug), um den Pe2 nach e4 zu locken. Da das
weiße Spiel aber nur auf die Diagonale g2-a8 orientiert ist, ist das spielbar.}
9. e4 Bd7 10. Nbd2 Qc8 11. h3 $2 {Damit verlangt Reti zu viel von seiner
Stellung. Er hat jetzt Probleme mit seinem K: 0-0 geht nicht wegen h3, und
auch 0-0-0 sieht nicht sehr einladend aus.} (11. O-O Bh3 12. b4 Bxg2 13. Kxg2
Bb6 14. a4) 11... O-O 12. b4 Bb6 13. Nc4 d5 14. Nxb6 cxb6 15. Ba3 dxe4 16. Ng5
Nd4 $17 {Reti-Saemisch/Baden-Baden/1925}) 5. Bg2 Bc5 6. Nh3 $146 (6. Nf3 O-O 7.
O-O d6 8. Nc3 Bd7 9. Qh4 Ng4 10. Qxd8 Nxd8 11. a3 a5 12. h3 Ne5 13. Nxe5 dxe5
14. Rd1 Bf5 15. Ne4 $13 {Jirovsky-Seifert/CSR-chT/1992}) 6... O-O 7. c3 Re8 8.
Bg5 {[%cal Yh3f4,Yf4d5] /\ Nf4-d5} (8. Nf4) 8... h6 9. Bxf6 Qxf6 10. Nf4 Ne5 {
/\ c6} 11. O-O c6 12. Nd2 {[%cal Rd2e4]} Qe7 {/\ d5} (12... d5 $2 13. Nxd5) 13.
c4 d6 14. Ne4 (14. Qc2 $5) 14... Bb6 15. Rad1 Bc7 16. Rd2 $6 {Nach dem
riskanten 14.Ne4 hat Weiß ein Problem mit seiner Q. Auf a4 nimmt sie eher
leidend (Anrempelungen mit a6/b5 sind möglich) am Spiel teil; auf Qc2 folgt
immer Bf5 mit einer kräftigen Fesselung; ansonsten ist sie an die Verteidigung
des Pc4 gebunden. Der Partiezug gefällt mir nicht, da er keine Antwort auf
dieses Stellungsproblem gibt.} (16. Rd4 $6 Bf5 $13) (16. Nc3) (16. b3 Bf5 17.
Nc3) (16. Qb4 a5 17. Qc3 Bf5 18. Nd2) 16... Bf5 $1 (16... Nxc4 $2 17. Qxc4 d5
18. Nxd5 cxd5 19. Qxd5 $16) 17. Rc1 $2 {Das ist schon taktisch nicht mehr ganz
in Ordnung.} (17. Nc3 a6 $36 {/\ b5}) 17... Bxe4 $6 {Schachlich scheint mir
das zwar in Ordnung zu sein, aber die Alternative führt zu einem einfachen
Bauerngewinn und gibt Weiß weniger Möglichkeiten, im Trüben zu fischen.} (17...
Nxc4 $1 18. Rxc4 (18. Qxc4 Bxe4 $17) 18... b5 19. Qd1 bxc4 20. Nxd6 Bxd6 21.
Rxd6 Rad8 $19) 18. Bxe4 Ng4 19. Bg2 Nxf2 (19... Bb6 $5) 20. Kxf2 Qe3+ (20...
Bb6+ 21. Ke1 Be3 $15) 21. Ke1 Qg1+ 22. Bf1 Bb6 23. c5 (23. Rd3 Bf2+ 24. Kd2
Be3+ 25. Rxe3 Qxe3+ 26. Kc2 $13) 23... Bxc5 24. Rxc5 Qxc5 (24... dxc5 $1 25. e4
(25. Rd7 Qxh2 $17) 25... b5 26. Qc2 c4 $17) 25. Qd4 Qxd4 {Das Endspiel sollte
o.k. sein für Schwarz: materiell steht er eher besser. Die guten weißen
Leichtfiguren geben Weiß aber auch seine Chancen.} (25... Qa5 $5 26. a3 Rad8
27. Bg2 $13) 26. Rxd4 d5 27. g4 $1 {Die weiße Führung des Endspiels finde ich
sehr lehrreich: Weiß konzentriert sich zunächst darauf, die schwarze
Bauernübermacht zu zähmen: zuerst wird f5 verhindert.} Re3 {Im Nachhinein
wirkt das schwarze Spiel weniger planvoll als das weiße. Der Druck in der
e-Linie verpufft nach einigen Zügen wirkungslos. Schwarz würde gern seinen Pd5
auf d4 plazieren, aber das läßt Weiß durch seinen Druck auf d5 nicht zu.} (
27... g5 28. Nh5 Re6 29. Ng3) (27... Rad8 28. Bg2) 28. Bg2 Rae8 29. Kf1 g6 (
29... g5 30. Nh5) 30. Bf3 Kg7 31. Kf2 R3e7 32. Ra4 {Hiermit schafft Weiß erst
einmal eine Schwäche: Schwarz kann wählen, welche.} b6 (32... a6) 33. Ra3 Rd8 (
33... g5 $6 34. Nh5+ Kg6 35. Ng3) 34. b4 $1 {[%cal Yb4b5] Damit zeichnen sich
die Konturen ab: Weiß kann irgendwann mit b5 die Bauernkette zerteilen.} Red7 (
34... Rd6 35. b5 $1) 35. Rd3 Rd6 36. a4 (36. b5 cxb5 37. Nxd5 a5 $10) 36... Kf6
(36... d4 37. Rd1 c5 38. bxc5 bxc5 39. Rc1 Rc8 40. Rc4 $14) 37. Rd1 Ke5 38.
Nd3+ Kf6 39. h4 g5 $6 40. hxg5+ hxg5 (40... Kxg5 41. Rh1 $14) 41. Rh1 {Weiß
hat im Endspiel große Fortschritte gemacht: die schwarzen Bauernübermacht ist
fixiert und die weißen Figuren wirken harmonisch zusammen.} Kg7 42. Rc1 Kf6 43.
Rh1 Kg7 44. Rh5 f6 45. Rh1 Ra8 {[%cal Ya7a5]} 46. Rb1 Kg6 $2 {Hier zeigt die
weiße Massage ihre Wirkung: Eingeschläfert durch das langsame Vorgehen hat
Schwarz seine Figuren (Kg6 und Ra8) so plaziert, daß der weiße Plan (b5)
begünstigt wird.} (46... a5 $2 47. bxa5 Rxa5 48. Rxb6 Rxa4 49. Nb4 $16) (46...
Re8 $14) 47. b5 $1 Rad8 (47... c5 48. e4 $1 a6 (48... d4 $2 49. e5) 49. exd5
axb5 50. axb5 {[%cal Yd3b2,Yb2c4]} Ra4 51. Ke3 $18) 48. Nb4 (48. e4 cxb5) 48...
c5 49. Nc6 R8d7 50. e4 dxe4 (50... d4 51. e5 Re6 52. Be4+ Kf7 53. Bf5 $18) 51.
Bxe4+ Kg7 52. Bf5 Rd1 (52... Rc7 53. Rh1 Kg8) 53. Bxd7 $1 (53. Rxd1 Rxd1 54.
Nxa7 Ra1 55. Nc8 Rxa4 56. Nxb6 Rb4 57. Bd7 $16) 53... Rxb1 54. Nxa7 Ra1 55. Nc8
c4 (55... Rxa4 56. Nxb6) 56. Ke3 c3 57. Bf5 Rxa4 58. Kd3 Rb4 59. Nd6 c2 60.
Kxc2 Rd4 61. Ne4 Rb4 62. Nc3 Rd4 63. Kb3 Kf7 64. Na4 Rd6 65. Kc4 Ke7 66. Nc3
Kf7 67. Nd5 Ke8 68. Bc8 {[%cal Yc8b7,Yb7c6]} Kd8 69. Bb7 Kd7 70. Bc6+ Ke6 71.
Nxb6 Rd1 72. Bd7+ Kd6 73. Bf5 Rf1 74. Nd5 Rc1+ 75. Nc3 Rf1 76. Ne4+ Ke5 77. b6
Rc1+ 78. Kb5 Rb1+ 79. Kc6 Rc1+ 80. Nc5 Kd4 81. b7 Rxc5+ 82. Kb6 Rc3 83. Bd7
Rb3+ 84. Bb5 1-0

[Event "Groningen"]
[Site "Groningen"]
[Date "1989.??.??"]
[Round "?"]
[White "Azmaiparashvili, Zurab"]
[Black "Kuijf, Marinus"]
[Result "1-0"]
[WhiteElo "2575"]
[BlackElo "2530"]
[Annotator "Horn,Pe"]
[PlyCount "75"]
[EventDate "1989.12.??"]
[EventType "tourn"]
[EventRounds "9"]
[EventCountry "NED"]
[EventCategory "11"]
[SourceTitle "CBM 016"]
[Source "ChessBase"]
[SourceDate "1990.06.01"]
[SourceVersion "1"]
[SourceVersionDate "1990.06.01"]
[SourceQuality "1"]

1. g3 d5 2. Bg2 Nf6 3. d3 Bf5 $6 {Erlaubt e2-e4 mit Tempogewinn} 4. Nd2 e6 (
4... c6 5. e4 dxe4 6. dxe4 Bg4 7. Ngf3 e5 8. h3 Bxf3 9. Qxf3 $14 {
Suttles-Maninang, Surakarta 82}) 5. e4 Bg6 6. Qe2 (6. Nh3 $5) 6... Be7 7. Ngf3
Bh5 8. h3 Bxf3 9. Nxf3 c6 $14 10. O-O O-O 11. b3 a5 12. a3 Na6 13. Bb2 Nc5 $6
14. e5 Nfd7 15. Nh2 Na6 16. Ng4 Nc7 17. f4 a4 18. b4 c5 19. bxc5 Bxc5+ 20. Kh2
Ra6 21. d4 Be7 22. f5 $16 Rc6 23. Rf2 exf5 24. Ne3 $1 Nb6 25. Nxf5 Nc4 $2 26.
Bc3 Nxa3 27. Qe1 $1 Nc4 (27... Na6 $2 28. Bxd5) 28. Nxe7+ Qxe7 29. Bb4 Qg5 30.
Bxf8 Kxf8 31. Qb4+ Qe7 32. Qxb7 $18 Qd7 33. Qb4+ Kg8 34. Qb8+ Ne8 35. Bxd5 $1
Rc8 36. Qxc8 Qxc8 37. Rxf7 Kh8 38. Rf8# 1-0

[Event "Tbilisi"]
[Site "Tbilisi"]
[Date "1991.??.??"]
[Round "?"]
[White "Gurgenidze, Bukhuti"]
[Black "Kachiani Gersinska, Ketino"]
[Result "1/2-1/2"]
[WhiteElo "2370"]
[BlackElo "2345"]
[Annotator "Horn,Pe"]
[PlyCount "161"]
[EventDate "1991.05.??"]
[EventType "tourn"]
[EventRounds "11"]
[EventCountry "GEO"]
[EventCategory "9"]
[SourceTitle "CBM 024"]
[Source "ChessBase"]
[SourceDate "1991.10.01"]
[SourceVersion "1"]
[SourceVersionDate "1991.10.01"]
[SourceQuality "1"]

1. Nf3 Nf6 2. b4 e6 3. a3 $10 b6 4. c4 c5 5. b5 a6 6. d3 d5 7. Nbd2 Bb7 8. Bb2
axb5 9. cxb5 Nbd7 10. g3 Be7 11. Bg2 O-O 12. O-O Ne8 13. e3 Nd6 14. a4 Bf6 15.
d4 Re8 16. Ne5 Bxe5 17. dxe5 Nf5 18. Qh5 Ra7 19. Nf3 (19. g4 Qh4) 19... Qe7 20.
g4 Nh6 21. Ra3 Rea8 22. Rfa1 f5 23. exf6 Nxf6 24. Qh4 Nhxg4 25. Bh3 Nh6 (25...
h5 26. Bxg4 hxg4 27. Ng5) 26. Bxf6 Qxf6 27. Qxf6 gxf6 28. Bxe6+ Kf8 29. e4 dxe4
30. Nd2 {/\ Nc4xb6} Ke7 31. Bb3 f5 32. Nc4 Rg8+ 33. Kf1 Rg6 34. a5 bxa5 35.
Nxa5 {/\ Nc6} Kf8 36. Nc4 Rxa3 37. Rxa3 Ng4 38. Ra7 Bd5 (38... Nxh2+ 39. Ke2
Bd5) 39. Rxh7 e3 40. h3 (40. fxe3 $4 Bxc4+ 41. Bxc4 Nxe3+ $19) 40... Nh2+ 41.
Ke2 exf2 42. Kxf2 f4 43. Ne5 Rg2+ 44. Ke1 Bxb3 45. b6 Be6 46. b7 Rb2 47. Ng6+
Kg8 48. b8=Q+ Rxb8 49. Rh8+ Kg7 50. Rxb8 Kxg6 51. Kf2 Bd5 52. Rb5 Nf3 53. Rxc5
Be4 54. Rc3 Ne5 55. Ke2 Kf5 56. Rc5 Bd3+ 57. Kf2 Ke4 58. Rc7 Bb5 59. Re7 Bd7
60. h4 Bg4 61. Re8 Bh5 62. Rh8 Ng4+ 63. Kg1 Nf6 64. Rf8 Kf5 65. Kf2 Be8 66. Kf3
Bc6+ 67. Kf2 Ke5 68. Ke1 Ng4 69. h5 f3 70. h6 Nxh6 71. Kf2 Ng4+ 72. Kg3 Nf6 73.
Kf2 Bd5 74. Kg3 Kf5 75. Kf2 Kg5 76. Rd8 Kg4 77. Rf8 Kg5 78. Rd8 Kg4 79. Rf8 Nh5
80. Ke3 Ng3 81. Rf4+ 1/2-1/2

[Event "Groningen op"]
[Site "Groningen"]
[Date "1990.??.??"]
[Round "8"]
[White "Daudzvardis, Janis"]
[Black "Dunnington, Angus J"]
[Result "1-0"]
[WhiteElo "2340"]
[BlackElo "2380"]
[Annotator "Horn,Pe"]
[PlyCount "54"]
[EventDate "1990.??.??"]
[EventType "swiss"]
[EventRounds "9"]
[EventCountry "NED"]
[SourceTitle "CBM 022"]
[Source "ChessBase"]
[SourceDate "1991.06.01"]
[SourceVersion "1"]
[SourceVersionDate "1991.06.01"]
[SourceQuality "1"]

1. g3 d5 2. Bg2 c6 3. d3 Bg4 4. h3 Bh5 5. f4 e6 6. Be3 {N} (6. Nf3 Bc5 7. Nc3
Ne7 8. e4 dxe4 9. dxe4 Qxd1+ 10. Nxd1 $10 {Hickl-Chernin, Altensteig 1990 
(CBM20)}) 6... f6 $5 (6... Bd6 7. g4 Bg6 8. Nf3) 7. g4 Bf7 8. Nf3 Nd7 9. Bf2 {
/\ e4} Bd6 10. e3 Ne7 11. d4 e5 12. dxe5 fxe5 13. f5 h6 (13... g6 14. Ng5 gxf5
15. Nxf7 Kxf7 16. gxf5 Nf6 $13) 14. e4 Nf6 15. Nfd2 Bb4 16. c3 Ba5 17. Qe2 dxe4
18. Nxe4 Ned5 19. O-O Nf4 20. Qc2 Nxe4 $2 (20... Nxg2 21. Nxf6+ (21. Rd1 Bd5)
21... Qxf6 22. Kxg2 Bd5+ 23. Kg1 h5 24. c4 Bf3 $19) 21. Qxe4 O-O {/\ Bd5-+} 22.
c4 (22. Qxe5 $2 Bc7 $19 23. Qe1 (23. Qd4 Ne2+) (23. Qe3 Re8) 23... Nxg2 24.
Kxg2 Bd5+ 25. Kg1 Qd6) 22... Qd3 23. Qxe5 Nxg2 $4 (23... Nxh3+ 24. Bxh3 (24.
Kh2 Nxf2 25. Rxf2 Qd8 $19) 24... Qxh3 25. Qxa5 Qxg4+ 26. Kh2 Bxc4 $40) 24. Bd4
$1 $18 Qxd4+ 25. Qxd4 Nh4 26. Nc3 Rad8 27. Qxa7 b6 1-0

[Event "Groningen op"]
[Site "Groningen"]
[Date "1990.??.??"]
[Round "4"]
[White "Daudzvardis, Janis"]
[Black "Kveinys, Aloyzas"]
[Result "0-1"]
[WhiteElo "2340"]
[BlackElo "2465"]
[Annotator "Horn,Pe"]
[PlyCount "74"]
[EventDate "1990.??.??"]
[EventType "swiss"]
[EventRounds "9"]
[EventCountry "NED"]
[SourceTitle "CBM 022"]
[Source "ChessBase"]
[SourceDate "1991.06.01"]
[SourceVersion "1"]
[SourceVersionDate "1991.06.01"]
[SourceQuality "1"]

1. g3 e5 2. Bg2 d5 3. c3 Nf6 4. d4 e4 (4... Nbd7 $10 {Gaprindashvili-Campora,
Palma 1989}) 5. Bg5 Be7 6. Bxf6 Bxf6 7. e3 c6 8. Ne2 Qb6 9. b3 (9. Qb3 $5 $10)
9... a5 10. a4 h5 11. h3 (11. h4 Bg4 $17) 11... g5 $1 $17 12. Nd2 Be6 13. O-O
Be7 14. f3 exf3 15. Nxf3 Nd7 16. Nd2 Qa6 17. e4 dxe4 18. Nxe4 f5 19. Nf2 O-O-O
20. Qc2 h4 21. c4 Kb8 22. g4 Rhf8 23. gxf5 Bxf5 24. Be4 Be6 25. Ng4 Qb6 26. Kg2
Nf6 27. Bf3 (27. Nxf6 Bxf6 28. Bf5 Bxf5 29. Rxf5 Bxd4 $19) 27... Qc7 28. Rae1
Qd7 29. Nf2 Bb4 30. Rd1 g4 $1 31. hxg4 Nxg4 32. Nxg4 Bxg4 33. Rd3 Bh3+ 34. Kf2
Bxf1 35. Kxf1 Qh3+ 36. Kf2 Qh2+ 37. Kf1 h3 0-1

[Event "Blackpool zt"]
[Site "Blackpool"]
[Date "1990.??.??"]
[Round "?"]
[White "Hodgson, Julian M"]
[Black "Chandler, Murray G"]
[Result "1/2-1/2"]
[WhiteElo "2540"]
[BlackElo "2585"]
[Annotator "Horn,Pe"]
[PlyCount "60"]
[EventDate "1990.05.??"]
[EventType "tourn"]
[EventRounds "11"]
[EventCountry "ENG"]
[EventCategory "8"]
[SourceTitle "CBM 018"]
[Source "ChessBase"]
[SourceDate "1990.10.01"]
[SourceVersion "1"]
[SourceVersionDate "1990.10.01"]
[SourceQuality "1"]

1. g3 e5 2. Bg2 Nf6 3. Nf3 e4 4. Nd4 c5 5. Nb3 c4 6. Nd4 Bc5 7. c3 O-O 8. O-O
d5 9. b3 cxb3 10. axb3 Nc6 11. Nxc6 bxc6 {Larsen (Ich spiele auf Sieg)
beurteilt diese Stellung aufgrund der besseren Bauernstruktur (schwacher a-P)
als vorteilhaft für Weiß.} 12. Ba3 Bxa3 13. Nxa3 Qb6 14. b4 {Das gibt Schwarz
später die Chance, seine Schwäche aufzulösen. Wegen der Bewegungsprobleme des
Na3 erscheinen aber die Alternativen auch als wenig aussichtsreich.} Bd7 15.
Nc2 a5 $8 {Sonst bleibt der Pa7 ein Angriffsobjekt.} 16. bxa5 Rxa5 17. Qb1 Rb5
18. Qc1 Rb8 19. Nb4 Ra5 (19... c5 $6 20. Nxd5 Nxd5 21. c4) 20. Rxa5 Qxa5 21. d4
Rc8 22. Qa1 Qxa1 23. Rxa1 c5 $1 24. dxc5 (24. Na6 $2 Ra8) 24... Rxc5 25. Ra8+
Be8 26. f3 Kf8 27. Ra3 d4 28. cxd4 Rc4 29. Na6 Rxd4 30. Nc5 exf3 1/2-1/2

[Event "Vienna op"]
[Site "Vienna"]
[Date "1990.??.??"]
[Round "5"]
[White "Mestrovic, Zvonimir"]
[Black "Honfi, Karoly"]
[Result "1/2-1/2"]
[WhiteElo "2470"]
[BlackElo "2345"]
[Annotator "Horn,Pe"]
[PlyCount "69"]
[EventDate "1990.10.??"]
[EventType "swiss"]
[EventRounds "9"]
[EventCountry "AUT"]
[SourceTitle "CBM 021"]
[Source "ChessBase"]
[SourceDate "1991.04.01"]
[SourceVersion "1"]
[SourceVersionDate "1991.04.01"]
[SourceQuality "1"]

1. Nc3 d5 2. e4 dxe4 3. Nxe4 e5 4. Nf3 (4. Bc4 $5 $13) 4... Nf6 5. Nxf6+ Qxf6
6. Qe2 {N} (6. d4 $5 exd4 7. Qxd4 Qxd4 8. Nxd4 a6 $10 {Grünfeld}) (6. d3 $6 Bd6
7. Be2 O-O $15 {Opocensky-Grünfeld, 1922}) 6... Nc6 7. d4 Bg4 8. dxe5 Qf5 9.
Bd2 Bxf3 10. Qxf3 Qxf3 11. gxf3 Nxe5 12. O-O-O O-O-O (12... Nxf3 $2 13. Bg2
Nxd2 14. Bxb7 Rb8 15. Bc6+ Ke7 16. Rxd2 $16) 13. Bh3+ (13. Be2 $10) 13... Kb8
14. f4 Nc4 15. Be3 Rxd1+ 16. Rxd1 Bd6 17. Rg1 g6 18. Bf1 Nxe3 19. fxe3 Re8 $15
20. Kd2 (20. Rg3 $2 Bxf4 21. exf4 Re1+ 22. Kd2 Rxf1) 20... Rxe3 21. Kxe3 Bc5+
22. Kf3 Bxg1 23. Bc4 f6 24. h3 Kc8 25. Bg8 h6 26. Bf7 g5 27. f5 Kd7 28. Ke4 Kd6
29. Bh5 Kc5 30. Bf7 a5 31. c3 Bh2 32. b3 Be5 33. Kd3 Kd6 34. c4 Kc5 35. a4
1/2-1/2

[Event "Blackpool zt"]
[Site "Blackpool"]
[Date "1990.??.??"]
[Round "?"]
[White "Motwani, Paul"]
[Black "Hodgson, Julian M"]
[Result "0-1"]
[WhiteElo "2470"]
[BlackElo "2540"]
[Annotator "Horn,Pe"]
[PlyCount "66"]
[EventDate "1990.05.??"]
[EventType "tourn"]
[EventRounds "11"]
[EventCountry "ENG"]
[EventCategory "8"]
[SourceTitle "CBM 018"]
[Source "ChessBase"]
[SourceDate "1990.10.01"]
[SourceVersion "1"]
[SourceVersionDate "1990.10.01"]
[SourceQuality "1"]

1. g3 e5 2. Bg2 d5 3. d3 Nf6 4. Nf3 Bd6 5. O-O c6 6. Nc3 d4 7. Nb1 O-O 8. c3 c5
$1 (8... dxc3 9. Nxc3 Re8 10. Bd2 h6 11. Rc1 $14 {Mestel-Chandler, Hastings
1982}) 9. e3 $6 dxc3 10. Nxc3 Nc6 11. Ne4 $6 Nxe4 12. dxe4 {S verfügt nun über
eine Majorität am Q-Flügel.} Be6 13. Qe2 (13. Nh4 $5) 13... Be7 {verhindert Nh4
} 14. Bd2 c4 $17 15. Bc3 Qc7 16. Nh4 $6 Bxh4 17. gxh4 b5 18. f4 f6 19. Rf2 Rfd8
20. Qf3 b4 21. Be1 exf4 22. exf4 Rd3 23. Qh5 Qb6 24. e5 Bf7 25. Qg4 h5 26. Qf5
Nd4 27. Qe4 Rd8 28. Qb7 Qxb7 29. Bxb7 a5 30. Rc1 Re3 31. exf6 Ne2+ 32. Rxe2
Rxe2 33. Ba6 Rxb2 0-1

[Event "Altensteig"]
[Site "Altensteig"]
[Date "1990.??.??"]
[Round "1"]
[White "Hickl, Joerg"]
[Black "Chernin, Alexander"]
[Result "0-1"]
[WhiteElo "2480"]
[BlackElo "2600"]
[Annotator "Horn,Pe"]
[PlyCount "84"]
[EventDate "1990.07.??"]
[EventType "tourn"]
[EventRounds "11"]
[EventCountry "GER"]
[EventCategory "9"]
[SourceTitle "CBM 020"]
[Source "ChessBase"]
[SourceDate "1991.02.01"]
[SourceVersion "1"]
[SourceVersionDate "1991.02.01"]
[SourceQuality "1"]

1. g3 d5 2. Bg2 c6 3. d3 Bg4 4. h3 Bh5 5. f4 e6 6. Nf3 Bc5 7. Nc3 Ne7 8. e4 {
/\ g4+-} dxe4 9. dxe4 (9. Nxe4 $5 Bb6 10. g4 Bg6 11. Qe2 $14) 9... Qxd1+ 10.
Nxd1 {/\ g4+-} f6 11. Nf2 (11. Be3 Na6) 11... Na6 12. Nd3 Bb6 13. a4 Nc5 14. a5
$2 (14. Nxc5 Bxc5 15. Ke2 {/\ Be3}) 14... Nxd3+ 15. cxd3 Bxf3 $1 16. Bxf3 Bd4 {
Wegen der dominierenden Position des Bd4 hat das B-Paar wenig Kraft.} 17. Bd1
Nc8 $1 {/\ Nd6-(b5)} 18. Rh2 Nd6 19. Bb3 Kd7 20. Rc2 g6 21. Bd2 e5 22. Ke2 f5
23. a6 b6 24. Rac1 c5 $2 (24... Rac8 $17 25. Ba4 $6 b5) 25. Ba4+ b5 26. fxe5
bxa4 (26... Bxe5 27. Rxc5 Bxb2 28. Rc7+) 27. exd6 Rab8 (27... Kxd6 28. Bf4+ Kd7
29. Ra1) 28. Ra1 fxe4 (28... Rxb2 29. Rxb2 Bxb2 30. Rxa4 Kxd6) 29. dxe4 Rhe8 $2
(29... Rxb2 30. Rxb2 Bxb2 31. Rxa4 Kxd6 $10) 30. Rxa4 Rxe4+ 31. Kd3 Rbe8 $4 (
31... Re6 32. b4 (32. Rxd4 $5) 32... Rxd6 33. Bf4 Be5+ 34. Ke4 Bxf4 35. bxc5
Re6+ 36. Kxf4 Rf8+ 37. Kg4) 32. Ra3 $2 (32. Rxc5 $1 Bxc5 33. Rxe4 Rxe4 34. Kxe4
Bxd6 35. Bf4 Bc5 36. Be3 $18) 32... Kxd6 33. Rb3 $2 Kd5 $1 34. Rb7 $4 (34. Rb5
$8 R4e6 (34... Bf2 35. Bf4) 35. Ra5) 34... c4+ $19 35. Rxc4 Re3+ 36. Bxe3 Rxe3+
37. Kd2 Kxc4 38. Rc7+ Kb5 39. Rd7 Bb6 40. Rxh7 Rxg3 41. h4 Kxa6 42. h5 g5 0-1

[Event "Lyon zt"]
[Site "Lyon"]
[Date "1990.??.??"]
[Round "10"]
[White "Van der Wiel, John"]
[Black "Koch, Jean Rene"]
[Result "1/2-1/2"]
[WhiteElo "2550"]
[BlackElo "2425"]
[Annotator "Horn,Pe"]
[PlyCount "93"]
[EventDate "1990.04.??"]
[EventType "tourn"]
[EventRounds "13"]
[EventCountry "FRA"]
[EventCategory "8"]
[SourceTitle "CBM 018"]
[Source "ChessBase"]
[SourceDate "1990.10.01"]
[SourceVersion "1"]
[SourceVersionDate "1990.10.01"]
[SourceQuality "1"]

1. Nc3 d5 2. e4 dxe4 3. Nxe4 Nd7 4. Bc4 Ngf6 5. Nxf6+ {N} (5. Bxf7+ Kxf7 6.
Ng5+ Kg8 7. Ne6 Qe8 8. Nxc7 Qd8 9. Nxa8 e5 10. d4 Bd6 11. Nf3 {van
Geet-Hennebrink, Wijk 1964}) (5. d3 e6 6. Qe2 Be7 7. f4 {Ekebjaerg-Svensson
corr 1966}) 5... Nxf6 6. Nf3 e6 7. Qe2 c5 8. a4 Be7 9. Ne5 O-O 10. O-O Qd4 11.
Re1 Bd6 12. Nf3 Qg4 13. h3 Qh5 14. Ne5 Qxe2 15. Rxe2 Bxe5 16. Rxe5 b6 17. d3 (
17. a5 Bb7) 17... Bb7 18. Re2 Nd5 $10 19. Bd2 a6 20. f4 Rfe8 21. Rae1 Kf8 22.
g4 Rac8 23. Kf2 Nb4 24. Bc3 Bc6 25. Bxb4 cxb4 26. Bxa6 Ra8 27. Bb5 Bxb5 28.
axb5 Rec8 29. Rc1 Rc5 30. Re5 Ra5 31. Rxc5 bxc5 32. b6 Ra6 33. Ra1 Rxb6 34. Ra5
Rc6 35. Ke3 Ke7 36. Ra7+ Kf6 37. c4 bxc3 38. bxc3 h6 39. h4 Rc8 40. c4 Rc6 41.
Rd7 Rc8 42. Ke4 Rc6 43. g5+ Kg6 44. gxh6 gxh6 45. Ra7 f6 46. Ra1 Kh5 47. f5
1/2-1/2

[Event "Budapest FS10 GM"]
[Site "Budapest"]
[Date "1994.??.??"]
[Round "6"]
[White "Horvath, Csaba"]
[Black "Lukacs, Peter"]
[Result "1-0"]
[WhiteElo "2540"]
[BlackElo "2490"]
[Annotator "Horvath,Ta"]
[PlyCount "41"]
[EventDate "1994.10.??"]
[EventType "tourn"]
[EventRounds "11"]
[EventCountry "HUN"]
[EventCategory "7"]
[SourceTitle "CBM 043 Extra"]
[Source "ChessBase"]
[SourceDate "1995.01.01"]
[SourceVersion "1"]
[SourceVersionDate "1995.01.01"]
[SourceQuality "1"]

1. Nc3 e5 (1... d5 2. d4 Nf6 3. Bg5 Nbd7 4. Qd3 (4. f3 c5 5. e4 dxe4 6. fxe4
Qa5 7. Bxf6 exf6 8. d5 (8. Bc4 $6 cxd4 9. Qxd4 Bb4 10. Nge2 O-O 11. a3 Bc5 $17
{Portisch,G-Singer/Zalaegerszeg/1993}) 8... Bd6 9. Nf3 O-O 10. Be2 Ne5 11. Qd2
Bd7 $15 {Portisch,G-Horvath,T/Zalakaros/1991}) 4... h6 5. Bh4 c6 6. e4 $2 (6.
O-O-O b5 $1) 6... Nxe4 7. Nxe4 dxe4 8. Qxe4 g5 9. Bg3 Qa5+ 10. c3 f5 $19 {
Skembris-Horvath,T/Athen/1983}) 2. d4 exd4 3. Qxd4 Nf6 4. g4 $5 (4. Bg5 Be7 5.
Nf3 Nc6 6. Qa4 O-O 7. O-O-O d6 8. e4 {1/4:1/4 Somlai-Lukacs/Budapest/1991})
4... Nc6 (4... h6 $5) 5. Qe3+ Be7 $6 (5... Qe7 6. Nb5 (6. g5 $5) 6... Qxe3 7.
Bxe3 Nd5 8. Bd2 a6 9. e4 $13) 6. g5 Ng4 $2 (6... Ng8) 7. Qe4 Nb4 8. Nd5 $1 Nxd5
9. Qxd5 d6 10. f4 c6 11. Qd4 h6 12. Qxg7 Kd7 13. Nf3 Kc7 14. Qxf7 hxg5 15. fxg5
Rf8 16. Qb3 Bf5 17. Rg1 Qd7 18. Bd2 Rae8 19. h3 Ne5 20. Nxe5 dxe5 21. O-O-O 1-0

[Event "Essen op"]
[Site "Essen"]
[Date "1996.04.09"]
[Round "7"]
[White "Siebrecht, Sebastian"]
[Black "Bunzmann, Dimitrij"]
[Result "1-0"]
[WhiteElo "2345"]
[BlackElo "2300"]
[Annotator "Kalinitschew,S"]
[PlyCount "57"]
[EventDate "1996.04.05"]
[EventType "swiss"]
[EventRounds "7"]
[EventCountry "GER"]
[SourceTitle "EXT 2008"]
[Source "ChessBase"]
[SourceDate "2007.11.25"]
[SourceVersion "1"]
[SourceVersionDate "2007.11.25"]
[SourceQuality "1"]

1. g3 d5 2. Bg2 c6 3. b3 e5 4. Bb2 f6 5. c4 Be6 6. d3 Bd6 7. Nd2 Ne7 8. Ngf3
O-O 9. O-O a6 (9... Nd7 $142) 10. Rc1 Nd7 11. cxd5 cxd5 12. e4 Bf7 $6 (12... d4
$15) 13. d4 $1 exd4 14. Nxd4 Nc5 15. Qe2 Re8 16. exd5 Nxd5 17. Qg4 h5 18. Qf5
Bf8 19. Rfe1 Rxe1+ 20. Rxe1 Nb4 21. Ne4 Ncd3 22. Ne6 Qb6 23. Nxf6+ gxf6 24. Bd4
Qxd4 25. Nxd4 Nxe1 26. Be4 Be7 27. Qh7+ Kf8 28. Qh8+ Bg8 29. Nf5 1-0